Analýza vyváženosti montážnej linky dvojhmotnostných zotrvačníkov L2 s cieľom optimalizovať čas vo firme ZF Slovakia, a.s., Trnava
Na minha lista:
| Autor principal: | |
|---|---|
| Outros Autores: | |
| Formato: | Manuscrito Livro |
| Idioma: | eslovaco |
| Publicado em: |
2018
|
| Assuntos: | |
| Acesso em linha: | http://is.stuba.sk/zp/portal_zp.pl?podrobnosti=138508 |
| Tags: |
Sem tags, seja o primeiro a adicionar uma tag!
|
MARC
| LEADER | 00000ntm a22000003a 4500 | ||
|---|---|---|---|
| 001 | stuzp68025 | ||
| 003 | SK-STU | ||
| 005 | 20180820155746.2 | ||
| 007 | ta | ||
| 008 | 150427s2015----xo-----f-mn---000-0-slo-d | ||
| 040 | |a STU |b slo | ||
| 041 | 0 | |a slo | |
| 100 | 1 | |a Čirka, Peter |u 063000 |4 aut |U MTF Materiálovotechnologická fakulta |T MTF Ústav výrobných technológií |X 70236 |U M3000 |Y 83 |7 70236 | |
| 242 | 0 | 1 | |a Balancing analysis of the L2 Dual-mass Flywheel assembly line as the base for time analysis and optimization in the company ZF Slovakia, a.s., Trnava |y eng |
| 245 | 1 | 0 | |a Analýza vyváženosti montážnej linky dvojhmotnostných zotrvačníkov L2 s cieľom optimalizovať čas vo firme ZF Slovakia, a.s., Trnava |
| 260 | |c 2018 | ||
| 650 | 4 | |a vyvažovanie liniek |2 slo | |
| 650 | 4 | |a štíhly manažment |2 slo | |
| 650 | 4 | |a dvojhmotový zotrvačník |2 slo | |
| 650 | 4 | |a lean management |2 eng | |
| 650 | 4 | |a dual-mass flywheel |2 eng | |
| 650 | 4 | |a line balancing |2 eng | |
| 700 | 1 | |a Delgado Sobrino, Daynier Rolando |u 063000 |k Z2 |4 ths |U MTF Materiálovotechnologická fakulta |T MTF Ústav výrobných technológií |X 45485 |U M3000 |Y 83 |7 A000045485 | |
| 856 | 4 | |u http://is.stuba.sk/zp/portal_zp.pl?podrobnosti=138508 | |
| 996 | |c M* DP-13500 |l MMSKP |s P |a 0 |w stuzp68025_0001 | ||